| 000 | 00644nam a22002057a 4500 | ||
|---|---|---|---|
| 005 | 20251108171759.0 | ||
| 008 | 250721s1995 xx 000 0 ara d | ||
| 082 | 1 | 4 | _a375/هاش |
| 100 | 1 | _aالسامرائي، هاشم | |
| 245 | 1 | 0 |
_aالمناهج : _bأسسها تطويرها نظرياتها / |
| 264 | 1 |
_aإربد : _bدار الأمل للنشر و التوزيع، _c1995. |
|
| 300 | _a158ص. | ||
| 650 | 1 | 7 | _aالتربية |
| 650 | 1 | 7 | _aالتعلم |
| 650 | 1 | 7 | _aالمناهج |
| 700 | 1 | _aالقاعود، إبراهيم | |
| 700 | 1 | _aالمومني، محمد أحمد عقله | |
| 942 |
_2ddc _cBK |
||
| 999 |
_c62336 _d62336 |
||